[Event "Clutch Chess International"]
[Site "Saint Louis"]
[Date "2020.06.12"]
[Round "2.8"]
[White "Caruana, Fabiano"]
[Black "So, Wesley"]
[Result "1-0"]
[WhiteElo "2773"]
[BlackElo "2741"]
[Annotator "TA"]
[PlyCount "83"]
[EventDate "2020.06.05"]
[EventType "k.o."]
[EventCountry "USA"]
[SourceTitle "playchess.com"]
[Source "ChessBase"]
[SourceQuality "1"]

{[%evp 19,83,13,29,4,10,0,0,0,12,0,0,0,0,0,0,0,-20,-18,0,0,10,0,11,0,0,0,0,-3,0,0,74,60,79,24,102,102,97,81,82,79,120,37,168,177,175,171,158,160,166,165,129,131,212,208,181,181,174,181,174,164,384,381,452,452,543,498]} 1. d4 Nf6 2. c4 g6 3. Nc3 d5 4. cxd5 Nxd5 5. e4 Nxc3 6. bxc3 Bg7 7. Bc4 c5 8. Ne2 Nc6 9. Be3 O-O 10. O-O b6 {is recently more successful than 10...Qc7. Played by Ian Nepomniachtchi in May 2020.} 11. Qd2 {D87: Exchange Grünfeld: Classical Line: Variations without ...cxd4.} Bb7 12. Rfd1 Rc8 13. Rac1 {The position is equal.} e6 14. Bg5 $5 {[%mdl 4] An interesting side line.} Qd7 15. h4 Na5 16. Bd3 cxd4 17. cxd4 Rxc1 18. Rxc1 Rc8 19. Rxc8+ Bxc8 20. h5 Nc6 21. h6 Bf8 $1 22. Bb5 {Strongly threatening d5.} a6 23. Ba4 b5 24. Bb3 $36 {[%mdl 2048] White has the initiative.} Bb7 (24... b4 $11) 25. d5 $16 exd5 26. Bxd5 ({Of course not} 26. Qxd5 Qe8 $11) (26. exd5 $16 Ne5 27. Ng3) 26... Ne5 (26... a5 $11 {remains equal.}) 27. Bxb7 $1 Qxb7 28. Nc3 $1 {[%cal Rc3d5]} Ng4 29. Nd5 {f3 is the strong threat.} f6 30. Qd1 ({Much worse is} 30. Nxf6+ $6 Nxf6 31. Bxf6 Qxe4 $11) ({Better is} 30. Bxf6 $16 {Threatens to win with Bb2.} Bxh6 31. Qc3 Nxf6 32. Qxf6) 30... fxg5 {A mistake that costs the game.} (30... f5 $1 $14) 31. Qxg4 $18 Bxh6 32. Qe6+ Qf7 33. Qxa6 Bg7 34. Qxb5 Bd4 35. Qe2 g4 {[#]} (35... h5 $16 {was necessary.} 36. Qd2 Bc5) 36. g3 $1 h5 37. Kg2 Kg7 38. a4 {[%cal Ba2a4,Ba4a5][%mdl 32]} Qa7 {[#]} 39. Qc2 $1 Kh6 $2 (39... Qf7) 40. Qd2+ g5 41. a5 Bc5 42. Qc3 {Accuracy: White = 85%, Black = 60%.} 1-0

[Event "Clutch Chess International"]
[Site "Saint Louis"]
[Date "2020.06.12"]
[Round "2.9"]
[White "Aronian, Levon"]
[Black "Carlsen, Magnus"]
[Result "1/2-1/2"]
[WhiteElo "2778"]
[BlackElo "2881"]
[Annotator "TA"]
[PlyCount "78"]
[EventDate "2020.06.05"]
[EventType "k.o."]
[EventCountry "USA"]
[SourceTitle "playchess.com"]
[Source "ChessBase"]
[SourceQuality "1"]

{[%evp 12,78,29,22,29,29,40,28,43,33,30,14,56,52,45,37,37,36,37,11,23,24,33,32,35,35,35,34,29,0,0,0,10,4,10,10,10,10,8,0,0,0,0,0,0,0,0,0,8,8,8,8,8,0,0,-31,-31,-31,-31,-31,-12,-12,-12,-12,0,-12,0,-31,0]} 1. e4 c5 2. Nf3 Nc6 3. Bb5 e6 4. O-O Nge7 5. Re1 Nd4 6. Nxd4 cxd4 7. c3 Nc6 {B30: Sicilian: 2...Nc6 3 Bb5, lines without ...g6.} 8. d3 a6 9. Bxc6 dxc6 {White has an edge.} 10. cxd4 Qxd4 {[#]} 11. Be3 $146 ({Predecessor:} 11. Nc3 Bd6 12. Be3 Qf6 13. d4 Qg6 14. Qf3 O-O 15. Bf4 Be7 16. Na4 a5 17. Nb6 {½-½ (24) Manik,M (2379)-Jurcik,M (2464) Slovakia 2019}) 11... Qd8 (11... Qxb2 {feels hotter.} 12. Nd2 Qf6 13. Qc1 Bb4 14. Rb1 a5) 12. d4 Be7 13. Nd2 O-O 14. Rc1 f5 15. f4 Bb4 16. Qb3 a5 17. a3 Bxd2 18. Bxd2 Qxd4+ {[%mdl 64] [#] Double Attack} 19. Be3 a4 ({Not} 19... Qxe4 $2 20. Rcd1 $18) 20. Qxe6+ Bxe6 21. Bxd4 fxe4 22. Rxe4 Bd5 23. Re7 {[%mdl 64] [#] Double Attack} Rf7 24. Rce1 Raf8 25. Rxf7 (25. Bc5 {with more complications.} Rxe7 26. Rxe7 h6 27. g3 Rf7 28. Re8+) 25... Kxf7 $11 {[%mdl 4096] Endgame KRB-KRB} 26. Bc5 Re8 27. Rxe8 Kxe8 {KB-KB} 28. Kf2 h5 29. h3 g6 30. g4 hxg4 31. hxg4 Be6 32. f5 gxf5 33. gxf5 Bxf5 34. Ke3 Bc2 35. Kd4 Bb3 36. Bb6 Kd7 37. Kc5 Bd5 38. Ba5 Bb3 39. Bb6 Bd5 {Accuracy: White = 89%, Black = 91%.} 1/2-1/2

[Event "Clutch Chess International"]
[Site "Saint Louis"]
[Date "2020.06.12"]
[Round "2.9"]
[White "So, Wesley"]
[Black "Caruana, Fabiano"]
[Result "1-0"]
[WhiteElo "2741"]
[BlackElo "2773"]
[Annotator "TA"]
[PlyCount "115"]
[EventDate "2020.06.05"]
[EventType "k.o."]
[EventCountry "USA"]
[SourceTitle "playchess.com"]
[Source "ChessBase"]
[SourceQuality "1"]

{[%evp 9,115,5,4,11,14,1,0,-21,-4,0,53,47,49,38,80,79,101,94,81,42,27,35,83,78,88,76,84,88,87,43,50,33,33,22,55,40,40,40,40,52,81,40,75,81,66,81,83,77,79,65,83,70,116,102,146,64,62,60,68,59,77,27,20,26,8,9,11,0,8,0,0,0,8,0,8,0,8,10,18,0,0,0,8,0,181,178,1439,1377,1509,1661,29955,11762,29952,4197,29963,29960,29947,29966,29969,29970,29961,29971,29964,29972,29966,29973,29962,29974]} 1. d4 d5 2. Bf4 Bf5 3. e3 e6 4. c4 Nf6 5. Nc3 Bb4 6. Qa4+ {D00: 1 d4 d5: Unusual lines.} Nc6 7. Nf3 O-O 8. Rc1 {The position is equal.} dxc4 9. Bxc4 {[#]} Nd5 $146 (9... a6 $11 10. Qd1 Bd6) ({Predecessor:} 9... a6 10. Qd1 Nd5 11. Bxd5 Qxd5 12. a3 Bxc3+ 13. Rxc3 Rac8 14. O-O Bg4 15. Rc5 Bxf3 16. Qxf3 Qxf3 17. gxf3 {1-0 (49) Karjakin,S (2760)-Wei,Y (2739) Medias 2017}) 10. Bxd5 $14 exd5 11. O-O a6 12. Qb3 Be6 13. Na4 {Black must now prevent Rxc6!} Rb8 14. Bxc7 (14. Nc5 {is more complex.} Bxc5 15. Rxc5 f6 16. e4 Re8 17. exd5 Bf7 18. Bg3) 14... Qxc7 15. Qxb4 $1 Nxb4 16. Rxc7 Rfc8 17. Rxc8+ Rxc8 18. a3 Nd3 19. b4 Rc2 $1 20. Nc5 Nxc5 21. bxc5 {[%mdl 4096] Endgame KRB-KRN} Bf5 22. Ra1 f6 23. h3 Rb2 24. g4 Bd3 25. Kg2 Kf7 26. g5 a5 27. Kg3 a4 28. h4 Ke6 29. Ne1 Bc4 30. Ng2 Kd7 31. Nf4 b6 32. Nh5 (32. gxf6 $16 gxf6 33. cxb6) 32... fxg5 33. hxg5 bxc5 34. dxc5 g6 $1 {[%cal Rg6h5]} 35. Nf6+ (35. Nf4 $5 {[%cal Ra1h1]}) 35... Kc6 36. Nxh7 {Strongly threatening Nf8.} Kxc5 37. Nf8 Bd3 38. Ne6+ Kd6 39. Nf4 Bb1 40. Ne2 Rb3 41. Nd4 Rb2 42. Ne2 Rb3 43. Kf4 Kc5 44. Nc3 Rxc3 45. Rxb1 Rxa3 $11 {KR-KR} 46. Ke5 Ra2 $2 {[#]} (46... Rd3 $11 {and Black stays safe.}) 47. f4 $1 $18 Re2 $2 {[#]} (47... Kc4) 48. Kf6 $1 {[%cal Rf6g6]} Rxe3 49. Kxg6 a3 50. f5 Kc4 51. f6 a2 52. Ra1 {White mates.} Kb3 53. f7 Rf3 54. Kg7 d4 55. f8=Q Rxf8 56. Kxf8 Kb2 {[#]} 57. Rxa2+ $1 {[%mdl 576] Promotion} Kxa2 58. g6 {Accuracy: White = 87%, Black = 64%.} 1-0

[Event "Clutch Chess International"]
[Site "Saint Louis"]
[Date "2020.06.12"]
[Round "2.10"]
[White "Carlsen, Magnus"]
[Black "Aronian, Levon"]
[Result "1/2-1/2"]
[WhiteElo "2881"]
[BlackElo "2778"]
[Annotator "TA"]
[PlyCount "86"]
[EventDate "2020.06.05"]
[EventType "k.o."]
[EventCountry "USA"]
[SourceTitle "playchess.com"]
[Source "ChessBase"]
[SourceQuality "1"]

{[%evp 10,86,0,-23,14,0,0,-16,-13,-20,-18,-39,-27,-41,24,12,20,-9,0,-35,-22,-27,16,15,8,11,10,-25,53,54,39,0,0,0,13,0,40,57,68,33,45,14,15,0,0,-28,-16,-16,-10,-20,-2,-2,-2,-2,-2,-2,-2,-2,-2,-2,0,-2,-2,-2,-2,-33,-33,-33,-33,-33,-33,-33,-33,-33,0,-33,0,-33,0]} 1. Nf3 d5 2. g3 Nf6 3. Bg2 e6 4. O-O Be7 5. d3 O-O 6. Nbd2 a5 {A07: Réti Opening: New York and Capablanca Systems.} 7. e4 a4 8. a3 c5 {The position is equal.} 9. Re1 Nc6 10. e5 Nd7 11. Nf1 f6 (11... b5 $15) 12. exf6 $11 Nxf6 {[#]} 13. c3 $146 ({Predecessor:} 13. Bf4 Bd6 14. Ne5 Qc7 15. Qe2 Nd4 16. Qd2 Nd7 17. Nxd7 Bxf4 18. gxf4 Bxd7 19. Re5 {0-1 (36) Amin,B (2710)-Aronian,L (2765) St Petersburg 2018}) 13... Bd6 14. d4 cxd4 15. cxd4 Bd7 16. Ne5 Bxe5 17. dxe5 Ne4 $1 {[%cal Re4f2]} 18. f4 (18. Bxe4 {seems wilder.} dxe4 19. Rxe4 Be8 20. Qxd8 Rxd8 21. Be3) 18... Be8 (18... Na5 $11) 19. Bxe4 $14 dxe4 20. Qxd8 Rxd8 21. Be3 Rd5 22. Rac1 g5 23. Bc5 Rf7 24. Rxe4 {Strongly threatening Ne3.} (24. Ne3 $5 {[%cal Re3d5]} gxf4 25. Nxd5 exd5 26. Red1 $16) 24... gxf4 25. gxf4 Na5 {[#] And now ...Nb3 would win.} 26. Bb4 {Black must now prevent Rc8.} Bc6 $1 27. Re3 Nb3 28. Rg3+ Kh8 29. Re1 $1 ({Reject} 29. Rc4 Rd1 $17) 29... Nd4 30. Ne3 Rdd7 31. f5 $1 Nxf5 32. Nxf5 Rxf5 33. Rf1 Rxf1+ 34. Kxf1 Rg7 35. Rxg7 Kxg7 $11 {[%mdl 4096] Endgame KB-KB} 36. Ke2 Kg6 37. Be1 Kf5 38. Bg3 Ke4 39. Kd2 Kd4 40. Kc2 Be4+ 41. Kd2 Bc6 42. Bf4 Be4 43. Bg3 Bc6 {Accuracy: White = 69%, Black = 77%.} 1/2-1/2

[Event "Clutch Chess International"]
[Site "Saint Louis"]
[Date "2020.06.12"]
[Round "2.10"]
[White "Caruana, Fabiano"]
[Black "So, Wesley"]
[Result "1-0"]
[WhiteElo "2773"]
[BlackElo "2741"]
[Annotator "TA"]
[PlyCount "51"]
[EventDate "2020.06.05"]
[EventType "k.o."]
[EventCountry "USA"]
[SourceTitle "playchess.com"]
[Source "ChessBase"]
[SourceQuality "1"]

{[%evp 23,51,0,0,0,25,25,19,11,17,14,30,5,5,5,0,4,16,0,102,97,149,155,154,160,239,262,303,301,308,295]} 1. e4 c6 2. d4 d5 3. Nd2 dxe4 4. Nxe4 Bf5 5. Ng3 Bg6 6. h4 h6 7. Nf3 Nd7 8. Bd3 Bxd3 9. Qxd3 e6 10. Bd2 Ngf6 11. O-O-O Be7 12. Kb1 O-O 13. Ne4 {B19: Classical Caro-Kann: 4...Bf5 main line.} Nxe4 14. Qxe4 Nf6 15. Qe2 {The position is equal.} Qd5 16. Ne5 Qe4 17. Be3 Nd5 $1 {[#]} 18. Qd3 $146 ({Predecessor:} 18. g4 c5 19. Qd3 Qxd3 20. Rxd3 cxd4 21. Bxd4 Rfd8 22. Rb3 f6 23. Ng6 Kf7 24. h5 {1-0 (52) Szava,M (2188)-Latta,H (1730) LSS email 2010}) 18... Qxd3 19. Rxd3 Nxe3 20. fxe3 h5 (20... Rfd8 $11 {remains equal.}) 21. Rb3 $36 {[%mdl 2048] White is on the roll.} Bd6 (21... b6 $142) 22. Nc4 Bg3 23. Rh3 Bf2 (23... b5 $16) 24. Rxb7 $18 Rfb8 25. Rxb8+ Rxb8 26. Ne5 {Accuracy: White = 90%, Black = 49%.} 1-0

[Event "Clutch Chess International"]
[Site "Saint Louis"]
[Date "2020.06.12"]
[Round "2.11"]
[White "Aronian, Levon"]
[Black "Carlsen, Magnus"]
[Result "1/2-1/2"]
[WhiteElo "2778"]
[BlackElo "2881"]
[Annotator "TA"]
[PlyCount "123"]
[EventDate "2020.06.05"]
[EventType "k.o."]
[EventCountry "USA"]
[SourceTitle "playchess.com"]
[Source "ChessBase"]
[SourceQuality "1"]

{[%evp 16,123,29,25,21,18,21,23,24,30,13,19,7,0,0,0,0,0,0,0,2,-5,0,0,0,0,93,72,91,97,95,0,0,-18,-12,-6,-5,-20,-19,-21,-13,-19,-19,-19,-19,-19,0,0,0,-12,0,-13,-13,-19,-19,-19,-19,-19,-19,-19,-8,-12,-12,-12,-12,-48,-53,-68,-46,-63,-37,-64,-45,-46,-46,-52,-63,-261,-261,-261,-261,-261,-261,-261,-261,-261,-261,-261,0,-261,-261,-261,-261,-261,-261,-261,-261,-261,-51,-51,0,0,0,0,0,0,0,0,0,0]} 1. e4 c5 2. Nf3 Nc6 3. Bb5 e6 4. O-O Nge7 5. Re1 a6 6. Bf1 d5 7. exd5 Nxd5 8. d4 Nf6 9. Be3 Be7 {B30: Sicilian: 2...Nc6 3 Bb5, lines without ...g6.} 10. c4 O-O {10...cxd4 is not played anymore.} 11. Nc3 cxd4 {White has an edge.} 12. Nxd4 Ne5 13. h3 Bd7 14. Bf4 Ng6 15. Bg3 Qb6 16. Nb3 {[#]} Bc6 $146 ({Predecessor:} 16... Rac8 17. c5 Bxc5 18. Nxc5 Rxc5 19. Bd6 Rf5 20. Bxf8 Qxf2+ 21. Kh1 Nf4 22. Ne4 Nxe4 23. Rxe4 Nxh3 {0-1 (43) Quparadze,G (2503)-Bogdanovich,S (2528) Konya 2018}) 17. Qd4 $36 {[%mdl 2048] White has good play.} Qb4 18. Rad1 a5 19. Bd6 Bxd6 20. Qxd6 Rfd8 (20... Ne7 $11) 21. Qxd8+ $16 Rxd8 22. Rxd8+ Nf8 23. Rd2 (23. c5 $16 {Black must now prevent Rd4.} Qh4 24. g3) 23... a4 $11 24. Nc1 a3 25. Nd3 Qxc4 26. Rc1 axb2 27. Rxb2 Qd4 28. Nb5 Bxb5 29. Rxb5 b6 30. a4 Nd5 31. a5 bxa5 32. Rxa5 g5 33. Rac5 Ng6 34. R5c4 Qa7 35. Nb4 Nxb4 36. Rxb4 Kg7 37. Rb5 $1 Kf6 38. Rc3 h6 39. Rf3+ Kg7 40. g3 Ne7 41. Re5 Nc6 42. Re4 Qc5 43. h4 Nd4 44. Rd3 $1 e5 45. hxg5 hxg5 46. Rexd4 $2 {[#]} (46. Rde3 $15) 46... exd4 $15 {[%mdl 4096] Endgame KQ-KRB} 47. g4 Kf6 48. Rf3+ Ke7 49. Rg3 Qc1 50. Kg2 Qc6+ 51. Kg1 Qc1 52. Kg2 $1 Qd1 53. Bd3 Kd6 54. Bf5 Kc5 55. Rh3 Kc4 56. Rg3 d3 $2 (56... Qe2 $19 {...Qb2 is the strong threat.} 57. Rf3 Qe7) 57. Rxd3 Qxd3 ({Black should play} 57... Qe1 $15) 58. Bxd3+ $11 {The position is equal.} Kxd3 59. f4 gxf4 {[#] ( -> ...Ke3)} 60. Kf3 f6 61. Kxf4 {White wants to mate with Kf5.} Ke2 $1 62. g5 {And White is the lucky defender. Accuracy: White = 87%, Black = 88%.} 1/2-1/2

[Event "Clutch Chess International"]
[Site "Saint Louis"]
[Date "2020.06.12"]
[Round "2.11"]
[White "So, Wesley"]
[Black "Caruana, Fabiano"]
[Result "0-1"]
[WhiteElo "2741"]
[BlackElo "2773"]
[Annotator "TA"]
[PlyCount "162"]
[EventDate "2020.06.05"]
[EventType "k.o."]
[EventCountry "USA"]
[SourceTitle "playchess.com"]
[Source "ChessBase"]
[SourceQuality "1"]

{[%evp 9,162,20,23,25,16,10,11,15,17,15,15,6,7,-33,-33,-33,-33,-35,-33,-33,-37,-41,-42,-34,-16,-76,-70,-97,-34,-43,-46,-88,-86,-87,-87,-102,-101,-126,-126,-126,-126,-126,-125,-118,-116,-147,-128,-149,-129,-162,-143,-151,-130,-149,-117,-139,-117,-162,-153,-165,-166,-166,-169,-161,-156,-180,-161,-185,-185,-227,-208,-270,-235,-302,-299,-291,-275,-285,-239,-250,-250,-248,-250,-250,-246,-369,-243,-241,-239,-231,-241,-280,-247,-257,-258,-364,-207,-190,0,-364,-342,-469,-464,-439,-467,-500,-496,-472,-476,-437,-380,-304,-243,-373,-341,-373,-300,-456,-465,-458,-451,-502,-473,-751,-714,-727,-436,-1285,-1293,-966,-173,-154,-66,-75,-69,-66,0,-293,-39,-514,-497,-703,-703,-703,-703,-676,-670,-874,-864,-794,-821,-784,-771,-4960,-4610]} 1. d4 d5 2. c4 c6 3. cxd5 cxd5 4. Bf4 Nf6 5. e3 Nc6 6. Bd3 {D10: Slav Defence: 3 cxd5 (without early Nf3) and 3 Nc3.} Bg4 7. f3 (7. Ne2 {keeps more tension.} e6 8. Qb3 Qd7 9. O-O Be7 10. h3) 7... Bh5 8. Qb3 {The position is equal.} Qd7 9. Ne2 e6 {[#]} 10. Nd2 $146 ({Predecessor:} 10. Nbc3 Rc8 11. Kf2 Bg6 12. Bb5 a6 13. Bxc6 Rxc6 14. Rhc1 Rc4 15. Nd1 Rb4 16. Qc3 {½-½ (38) Perry,W (2179)-Piccoli,F (2102) ICCF email 2017}) 10... Bg6 11. Bb5 Be7 12. Rc1 O-O 13. Kf2 Rfc8 14. Qa4 a6 15. Bxc6 $1 bxc6 16. Nb3 Qb7 17. Rhd1 {[#]} (17. Na5 $11 Qxb2 18. Nxc6) 17... a5 $1 $17 {[%mdl 512]} 18. Rd2 (18. Nxa5 Qb6) 18... Bb4 ({Better is} 18... Nd7 $17 {White must now prevent ...Nb6.} 19. Nc5 Nxc5 20. dxc5 Bf6) 19. Nc5 $15 Qb6 20. Qd1 Bxd2 21. Qxd2 Qd8 22. Nc3 Nh5 23. Bg3 Nxg3 24. hxg3 Qe7 25. Ne2 f6 26. Na4 {Nb6 would now be nice for White.} Ra7 27. Nf4 Be8 28. Rc5 Rca8 29. Qc3 Qd6 30. Nd3 Qd8 31. Nf4 Bd7 32. Qa3 Rb8 33. Rc3 Qf8 34. Rc5 e5 35. Ne2 Qd6 36. Qc3 Rb5 37. b3 h6 38. Nc1 Ra8 39. Nd3 {[%cal Rd4e5] [#]} Re8 $1 40. Qb2 e4 41. Nf4 g5 ({Resist} 41... exf3 42. gxf3 g5 43. Ne2 $19) 42. Ne2 exf3 43. gxf3 Qe6 44. Rc3 Qh3 45. Kg1 h5 46. Qb1 {Threatening Qg6+.} Kg7 47. Nc5 (47. Qf1 {was worth a try.}) 47... h4 48. Qf1 Qxf1+ 49. Kxf1 Bf5 50. g4 Bg6 51. Kf2 Re7 52. Na4 (52. f4 $142) 52... Rc7 (52... Rb8 $142 53. Rxc6 Be8) 53. Nc5 $19 {Strongly threatening Ne6+.} Re7 $2 (53... Kh6 54. Rc1 Re7) 54. Na4 $1 Rb8 55. Ng1 f5 56. gxf5 Bxf5 57. Rxc6 Rbe8 58. Rc3 h3 {...h2 is the strong threat.} 59. Ne2 h2 60. Ng3 Bh3 61. Nb6 (61. Nh1 $142) 61... Be6 62. Kg2 Rh8 63. e4 (63. Rc5 $142) 63... dxe4 64. fxe4 Rf7 65. d5 Bg4 66. e5 (66. Nc4 $142 Rf4 67. Re3) 66... Rf4 {Hoping for ...Rd4.} 67. e6 Bf5 68. Rc1 (68. Nxf5+ $142 Rxf5 69. Rc1) 68... Bh3+ 69. Kxh2 Bxe6+ $2 (69... Rf2+ 70. Kh1 Rxa2) 70. Kg1 Bf7 (70... Bg4 $17 {And now ...Rh3 would win.} 71. Rc7+ Kf6) 71. d6 $1 $15 Rg4 72. Kg2 Bg6 (72... Be6 $15 73. d7 Rd4) 73. d7 $2 {[%mdl 8192]} (73. Rc7+ $11 {and White is okay.} Kh6 74. Rc4) 73... Rd4 $2 ({Black should try} 73... Be4+ $1 $19 74. Kf2 Rf8+ 75. Ke3 Rf3+ 76. Kd4 Bc6+ 77. Kc5 Bxd7) 74. Rc8 $2 {[%mdl 8192] [#] This costs White the game.} ({White should play} 74. Rc5 $15) 74... Rxd7 $1 $19 {[%mdl 512] Black is clearly winning.} 75. Rxh8 (75. Rc2 $142 Bxc2 76. Nxd7) (75. Nxd7 Rxc8) 75... Rd2+ {[%mdl 64] Double Attack} 76. Kf3 Kxh8 77. a4 Bf7 78. Ne4 Rd3+ 79. Ke2 Rxb3 80. Nd7 Bc4+ 81. Kd2 Rd3+ {[%mdl 64] Double Attack. Accuracy: White = 51%, Black = 75%.} 0-1

[Event "Clutch Chess International"]
[Site "Saint Louis"]
[Date "2020.06.12"]
[Round "2.12"]
[White "Carlsen, Magnus"]
[Black "Aronian, Levon"]
[Result "1/2-1/2"]
[WhiteElo "2881"]
[BlackElo "2778"]
[Annotator "TA"]
[PlyCount "108"]
[EventDate "2020.06.05"]
[EventType "k.o."]
[EventCountry "USA"]
[SourceTitle "playchess.com"]
[Source "ChessBase"]
[SourceQuality "1"]

{[%evp 18,108,19,15,22,11,18,18,22,13,14,13,4,6,12,6,20,0,10,11,15,14,15,18,17,17,21,18,26,14,18,11,19,0,1,4,6,1,6,0,0,0,1,0,0,0,9,0,0,0,0,0,0,0,0,0,8,0,0,0,0,0,0,0,0,0,0,0,0,0,0,0,0,0,0,0,0,0,0,0,0,0,0,0,0,0,0,0,0,0,0,0,0]} 1. e4 e5 2. Nf3 Nc6 3. Bb5 Nf6 4. O-O Nxe4 5. Re1 Nd6 6. Nxe5 Be7 7. Bf1 Nxe5 8. Rxe5 O-O 9. d4 Bf6 10. Re1 Re8 {C67: Ruy Lopez: Berlin Defence: 4 0-0 Nxe4.} 11. c3 Rxe1 12. Qxe1 Ne8 13. Bf4 d5 14. Bd3 g6 15. Nd2 Ng7 16. Nf3 c6 17. Qe2 {[#]} Nh5 $5 $146 {[%mdl 8] An interesting novelty.} ({Predecessor:} 17... Bf5 18. Bxf5 Nxf5 19. Re1 Qd7 20. h3 Ng7 21. Be5 Re8 22. Qd3 Bxe5 23. Rxe5 f6 24. Rxe8+ Nxe8 {½-½ (36) Harikrishna,P (2719)-Karjakin,S (2752) chess.com INT 2020}) 18. Bh6 Bg4 19. Re1 Bxf3 20. Qxf3 Bg5 21. Bxg5 Qxg5 22. g3 Rf8 23. h4 Qd8 {The position is equal.} 24. Qe3 Nf6 25. Qe7 Re8 26. Qxd8 Rxd8 $11 {[%mdl 4096] Endgame KRB-KRN} 27. Re7 Rd7 28. Re5 Kf8 29. Kg2 Ng4 30. Re2 Re7 31. Kf3 Nf6 (31... Rxe2 {is more complex.} 32. Kxe2 Nf6 33. Ke3 Ke7 34. a4 Ne8) 32. Rxe7 Kxe7 {KB-KN} 33. Kf4 h6 34. g4 Ne8 35. g5 hxg5+ 36. hxg5 Kd6 37. Kg4 Ng7 38. f4 Ke6 39. b4 b5 40. Bc2 f5+ 41. Kf3 Ne8 42. Ke3 Nd6 43. Bd1 Ne4 44. Kd3 Nf2+ 45. Kd2 Nxd1 (45... Kd7 {keeps more tension.} 46. Bc2 Ne4+ 47. Kd3 a6 48. a4 Ke6) 46. Kxd1 {KP-KP} Kd7 47. Kc2 Kc7 48. Kb3 Kb6 49. a3 a6 50. Kb2 Kb7 51. Kb1 Kb8 52. Kb2 Kb7 53. Kb1 Kb8 54. Kb2 Kb7 {Not much happened in this game. Accuracy: White = 100%, Black = 100%.} 1/2-1/2

[Event "Clutch Chess International"]
[Site "Saint Louis"]
[Date "2020.06.12"]
[Round "2.12"]
[White "Caruana, Fabiano"]
[Black "So, Wesley"]
[Result "1/2-1/2"]
[WhiteElo "2773"]
[BlackElo "2741"]
[Annotator "TA"]
[PlyCount "55"]
[EventDate "2020.06.05"]
[EventType "k.o."]
[EventCountry "USA"]
[SourceTitle "playchess.com"]
[Source "ChessBase"]
[SourceQuality "1"]

{[%evp 20,55,6,0,0,0,0,0,0,1,4,0,6,0,29,10,11,13,18,-15,0,-25,0,0,20,0,0,0,0,0,0,0,0,0,0,0,0,0]} 1. d4 Nf6 2. c4 e6 3. Nc3 Bb4 4. e3 O-O 5. Bd3 c5 6. Nf3 d5 7. O-O cxd4 8. exd4 dxc4 9. Bxc4 b6 10. Qe2 Bb7 11. Rd1 h6 {E54: Nimzo-Indian: Rubinstein: Main Line: 7...dxc4 8 Bxc4.} 12. Bf4 Bxc3 13. bxc3 {[%cal Bb2c3,Bc3c4][%mdl 32]} Nd5 14. Bd2 Qc7 {[#]} 15. Rac1 $146 ({Predecessor:} 15. Bd3 Nf4 16. Bxf4 Qxf4 17. Ne5 Nc6 18. g3 Qg5 19. Qe4 f5 20. Qe2 Nxe5 21. Qxe5 {½-½ (29) Oreopoulos,K (2499)-Walczak,P (2504) ICCF email 2018}) 15... Nd7 16. Bb5 Bc6 (16... Rfd8 {is more complex.} 17. c4 Ne7 18. g3 Ng6 19. Bb4 Rac8) 17. Bxc6 Qxc6 18. c4 N5f6 19. Bc3 Rfe8 20. h3 Rac8 21. Bb2 {The position is equal.} Rc7 22. Rc3 Qa4 23. Rdc1 Rec8 24. Ra3 Qb4 $1 {[%cal Rc7c4]} 25. Rb3 Qa4 {[%cal Rc7c4]} 26. Ra3 Qb4 $1 {[%cal Rc7c4]} 27. Rb3 Qa4 {[%cal Rc7c4]} 28. Ra3 {A rather calm draw. Accuracy: White = 86%, Black = 88%.} 1/2-1/2